| 000 | 00615nam a2200205 a 4500 | ||
|---|---|---|---|
| 001 | 0374 | ||
| 005 | 20140414132025.0 | ||
| 008 | 040913s19uu xx 00 eng d | ||
| 020 | _a0-916291-48-0 | ||
| 050 |
_aTR _bF52 1991 |
||
| 100 | _aBush, John | ||
| 245 |
_aThe fish who could wish / _cJohn Bush & Korky Paul. |
||
| 260 |
_aBrooklyn, New York : _bKane / Miller Book, _c1991. |
||
| 300 | _a1 v. p. : ill. ; cm. | ||
| 520 | _aA fish's wishes come true until the day he makes a follish wish. | ||
| 650 |
_aFishes _xFiction. |
||
| 650 |
_aWishes _xFiction. |
||
| 650 | _aStories in rhyme. | ||
| 999 |
_c113541 _d113541 |
||